Özv. Benkő Istvánné szül. Kiss Julianna

Elmentve itt :
Bibliográfiai részletek
Dokumentumtípus: Cikk
Megjelent: 1931-11-17
Sorozat:Délmagyarország 7 No. 261
Kulcsszavak:Kiss Julianna
Online Access:http://dmarchiv.bibl.u-szeged.hu/39184
LEADER 00412nab a2200145 i 4500
001 delm39184
005 20180927130056.0
008 180927s1931 hu o 0|| hun d
040 |a SZTE Délmagyarország Archívum  |b hun 
041 |a hun 
245 0 0 |a Özv. Benkő Istvánné szül. Kiss Julianna  |h [elektronikus dokumentum] 
260 |c 1931-11-17 
300 |a 4 
490 0 |a Délmagyarország  |v 7 No. 261 
695 |a Kiss Julianna